| 000 | 01070nam a22002537a 4500 | ||
|---|---|---|---|
| 005 | 20171111020002.0 | ||
| 008 | 100103s2007 ck ab gr 00110 spa d | ||
| 020 | _a9789588343136 | ||
| 041 | _aspa | ||
| 044 | _ack | ||
| 082 | 0 | 4 |
_a583.0986 _bL69l |
| 245 | 0 | 0 |
_aLibro rojo de plantas de Colombia : _bVol. 5 : las magnoliáceas, las miristicáceas y las podocarpáceas / _ceditado por Néstor García |
| 260 | 3 |
_aBogotá _bInstituto de Investigación de Recursos Biológicos Alexander Von Humboldt : _bJardin Botanico de Medellín : _bCorantioquia, _c2007. |
|
| 300 |
_a236 p. : _bil., mapas ; _c22 cm. |
||
| 490 | 1 |
_aLibros rojos de especies amenazadas de Colombia _v5 |
|
| 504 | _aIncluye bibliografía e indice. | ||
| 650 | 4 |
_aEspecies en peligro _z Colombia. _925168 |
|
| 650 |
_aMagnoliaceas _x Cultivo _z Colombia. _925169 |
||
| 650 |
_aMiristicáceas _x Cultivo _z Colombia.. _925170 |
||
| 650 | 4 |
_aPodocarpáceas _x Cultivo _z Colombia. _925171 |
|
| 650 |
_aBotánica _z Colombia. _925172 |
||
| 700 | 1 |
_aGarcía, Néstor, _eed. _925173 |
|
| 942 |
_2ddc _cLIBRO _011 |
||
| 999 |
_c8566 _d8566 |
||